LEADER 00932nam0-22003011i-450- 001 990001823910403321 005 20021010 035 $a000182391 035 $aFED01000182391 035 $a(Aleph)000182391FED01 035 $a000182391 100 $a20021010d--------km-y0itay50------ba 101 0 $aita 200 1 $a<>evoluzione minerale messa in dubbio dal prof. Giuseppe Mercalli$fLeonardo Ricciardi. 210 $aNapoli$c...$d1907. 215 $ap. 68-99$d24 cm 300 $aEstr. da: Bollettino della Societa di Naturalisti in Napoli, 21:68-99,21(1907). 610 0 $aVulcanologia 676 $a551.21 700 1$aRicciardi,$bLeonardo$079535 801 0$aIT$bUNINA$gRICA$2UNIMARC 901 $aBK 912 $a990001823910403321 952 $a60 DONO COMES 19/22$b$fFAGBC 959 $aFAGBC 996 $aEvoluzione minerale messa in dubbio dal prof. Giuseppe Mercalli$9413003 997 $aUNINA DB $aING01 LEADER 00934nam--2200361---450- 001 990003486770203316 005 20110120115901.0 010 $a84-85859-64-2 035 $a000348677 035 $aUSA01000348677 035 $a(ALEPH)000348677USA01 035 $a000348677 100 $a20110120d1983----km-y0itay50------ba 101 $aspa 102 $aES 105 $a||||||||001yy 200 1 $aModernismo$fRafael Gutierrez Girardot 210 $aBarcelona$cMontesinos$d1983 215 $a197 p.$d20 cm 410 0$12001 454 1$12001 461 1$1001-------$12001 606 0 $aLetteratura ispano-americana$2BNCF 676 $a860 700 1$aGUTIÉRREZ GIRARDOT,$bRafael$0173975 801 0$aIT$bsalbc$gISBD 912 $a990003486770203316 951 $aII.5.C.4$b609 DSLL 959 $aBK 969 $aDSLL 979 $aDSLL$b90$c20110120$lUSA01$h1159 996 $aModernismo$91110754 997 $aUNISA LEADER 01740nam0 22003973i 450 001 VAN0183321 005 20230612022634.336 017 70$2N$a9783319441474 100 $a20210715d2017 |0itac50 ba 101 $aeng 102 $aCH 105 $a|||| ||||| 200 1 $aClassical Mechanics$eHamiltonian and Lagrangian Formalism$fAlexei Deriglazov 205 $a2. ed 210 $aCham$cSpringer$d2017 215 $axvi, 445 p.$cill.$d24 cm 500 1$3VAN0183325$aClassical Mechanics : Hamiltonian and Lagrangian Formalism$91825457 606 $a70Hxx$xHamiltonian and Lagrangian mechanics [MSC 2020]$3VANC021315$2MF 606 $a70-XX$xMechanics of particles and systems [MSC 2020]$3VANC021390$2MF 610 $aCanonical Transformation Mechanics$9KW:K 610 $aHamiltonian Formalism Mechanics$9KW:K 610 $aHamiltonian Methods Physics$9KW:K 610 $aNoether's Theorem$9KW:K 610 $aTextbook Classical Mechanics$9KW:K 610 $aTextbook Hamiltonian Formalism$9KW:K 620 $aCH$dCham$3VANL001889 700 1$aDeriglazov$bAlexei$3VANV164261$0818866 712 $aSpringer $3VANV108073$4650 801 $aIT$bSOL$c20240614$gRICA 856 4 $uhttp://doi.org/10.1007/978-3-319-44147-4$zE-book ? Accesso al full-text attraverso riconoscimento IP di Ateneo, proxy e/o Shibboleth 899 $aBIBLIOTECA DEL DIPARTIMENTO DI MATEMATICA E FISICA$1IT-CE0120$2VAN08 912 $fN 912 $aVAN0183321 950 $aBIBLIOTECA DEL DIPARTIMENTO DI MATEMATICA E FISICA$d08CONS e-book 3064 $e08eMF3064 20210715 996 $aClassical Mechanics : Hamiltonian and Lagrangian Formalism$91825457 997 $aUNICAMPANIA LEADER 01471nam0 22003131i 450 001 UON00087216 005 20231205102453.134 010 $a05-213-8056-1 100 $a20020107r19941995 |0itac50 ba 101 $aeng 102 $aGB 105 $a|||| 1|||| 200 1 $aInformation structure and sentence form$etopic, focus and the mental representations of discourse referents$fKnud Lambrecht 210 $aCambridge$cCambridge University Press$d1994$erist. 1995 215 $axvi, 388 p.$d23 cm 410 1$1001UON00067619$12001 $aCambridge studies in linguistics$fGeneral editors: W. Sidney Allen$bet al]$1210 $aCambridge [etc]$cCambridge University$v71 606 $aGrammatica$3UONC019009$2FI 606 $aGRAMMATICA COMPARATIVA$3UONC023928$2FI 606 $aPREPOSIZIONI$3UONC026552$2FI 620 $dCambridge$3UONL000022 676 $a415$cGrammatica$v21 700 1$aLAMBRECHT$bKnud$3UONV094191$0174463 712 $aCambridge University Press$3UONV245943$4650 801 $aIT$bSOL$c20250620$gRICA 912 $aUON00087216 950 $aSIBA - SISTEMA BIBLIOTECARIO DI ATENEO$dSI Angl VIII 0287 $eSI LO 58263 5 0287 950 $aSIBA - SISTEMA BIBLIOTECARIO DI ATENEO$dSI GLOTT A 1 III 129 $eSI MC 25412 7 129 996 $aInformation structure and sentence form$9540024 997 $aUNIOR